LIBRARY & INFORMATION CENTRE, KCAET, TAVANUR

ONLINE PUBLIC ACCESS CATALOGUE (OPAC)

Evaluation of Watersheds in India (Record no. 19442)

MARC details
000 -LEADER
fixed length control field 00465nam a22001817a 4500
003 - CONTROL NUMBER IDENTIFIER
control field OSt
008 - FIXED-LENGTH DATA ELEMENTS--GENERAL INFORMATION
fixed length control field 250222b |||||||| |||| 00| 0 eng d
020 ## - INTERNATIONAL STANDARD BOOK NUMBER
ISBN 9 788170 893172
041 ## - LANGUAGE CODE
Language code of text/sound track or separate title eng
082 ## - DEWEY DECIMAL CLASSIFICATION NUMBER
Classification number 551.492
Item number PRA/EV
100 ## - MAIN ENTRY--AUTHOR NAME
Personal name Prakash, Om
245 ## - TITLE STATEMENT
Title Evaluation of Watersheds in India
260 ## - PUBLICATION, DISTRIBUTION, ETC. (IMPRINT)
Place of publication Dehradun:
Name of publisher International Book Distributors,
Year of publication 2004.
300 ## - PHYSICAL DESCRIPTION
Number of Pages 153p.
700 ## - ADDED ENTRY--PERSONAL NAME
Personal name Reddy, YVR
700 ## - ADDED ENTRY--PERSONAL NAME
Personal name Sastry, G
942 ## - ADDED ENTRY ELEMENTS (KOHA)
Koha item type Books
Holdings
Withdrawn status Lost status Damaged status Home library Current library Date acquired Cost, normal purchase price Full call number Accession Number Koha item type
      KAUAET KAUAET 22/02/2025 795.00 9 788170 893172 21533 Books
free website counter